Normal view
MARC view
Entry Nome pessoal
001 - NÚMERO DE CONTROLE
- campo de controle: 301
003 - IDENTIFICADOR DO NÚMERO DE CONTROLE
- campo de controle: Br
005 - DATA E HORÁRIO DA ÚLTIMA TRANSAÇÃO
- campo de controle: 20250129132414.0
008 - CAMPO DE DADOS FIXOS
- campo de controle de tamanho fixo: 981023|| acnnnaab| aaaa d
035 ## - NÚMERO DE CONTROLE DO SISTEMA
- Número de Controle do Sistema: 98102310545226E50
040 ## - FONTE DA CATALOGAÇÃO
- Instituição da catalogação original: Br
- Instituição que transcreveu o registro: Br
100 1# - CABEÇALHO--NOME PESSOAL
- Nome pessoal: Clark, Mary Higgins,
- Datas associadas ao nome: 1927-2020
670 ## - FONTE POSITIVA DOS DADOS
- Citação da fonte positiva dos dados: Autora de: Norte feliz. 2003
- Dados encontrados na fonte localizada no subcampo: (ficha cat.: d.n.: 1931)
670 ## - FONTE POSITIVA DOS DADOS
- Citação da fonte positiva dos dados: http://authorities.loc.gov 14/4/09
- Dados encontrados na fonte localizada no subcampo: (nasceu em 1929 ou 1931, em Nova York)
670 ## - FONTE POSITIVA DOS DADOS
- Citação da fonte positiva dos dados: http://catalogue.bnf.fr
- Dados encontrados na fonte localizada no subcampo: (escritora americana ; d.n.: 1929)
670 ## - FONTE POSITIVA DOS DADOS
- Citação da fonte positiva dos dados: www.cyranos.ch/litcla.c.htm
- Dados encontrados na fonte localizada no subcampo: (escritora americana, nasceu em Nova York, em 1929)
670 ## - FONTE POSITIVA DOS DADOS
- Citação da fonte positiva dos dados: http://www.brainyhistory.com/events/1929/december_24_1929_88880.html
- Dados encontrados na fonte localizada no subcampo: (d.n.: 1929)
670 ## - FONTE POSITIVA DOS DADOS
- Citação da fonte positiva dos dados: http://pt.wikipedia.org/wiki/Mary_Higgins_Clark
- Dados encontrados na fonte localizada no subcampo: (Mary Higgins Clark nasceu em 24 de dezembro de 1927. É uma escritora contemporânea norte-americana)